00536nam a22001697a 450000500170000002000320001703500120004903700130006110000240007424500470009825000120014526000300015730000230018794200220021099900170023295201170024920120615113740.0 a8186618007cRs.125.00 (pbk) aB-35052 aDPLbENG aPonnaian, M.949138 aCriminology and penology /cby M. Ponnaian a4th ed. aNew DelhibPR Booksc1995 aiv, 348p.c18 cms. 2ddccENh364mPON c67963d67963 001040708NFICaZLSbZLSd2012-06-15g125.00l0o364 PONpB-35052r2012-06-15 00:00:00v125.00w2012-06-15yEN